000 00479nam a2200133Ia 4500
008 150609s9999 xx 000 0 und d
050 _aT 1
_b.Sa119 2015
100 _aSacdalan, Ralph Kevin D.
245 _aMonitoring system for EC-gas Taguig /
_cRalph Kevin Sacdalan.
260 _aLas PiƱas, Philippines :
_bSISC,
_c2015.
300 _a149 pages :
_bcolor illustrations ;
_c28 cm.
500 _aIncludes bibliographical references and appendices.
650 _aManagement System
999 _c285039
_d285039